Identifikácia chýb vo výrobnom procese s využitím metód data mining

Na minha lista:
Detalhes bibliográficos
Autor principal: Frtús, Jaroslav (Author)
Outros Autores: Némethová, Andrea (Thesis advisor)
Formato: Manuscrito Livro
Idioma:eslovaco
Publicado em: 2022
Assuntos:
Acesso em linha:http://is.stuba.sk/zp/portal_zp.pl?podrobnosti=164139
Tags: Adicionar Tag
Sem tags, seja o primeiro a adicionar uma tag!

MARC

LEADER 00000ntm a22000003a 4500
001 stuzp89851
003 SK-STU
005 20220611212951.9
007 ta
008 150427s2015----xo-----f-mn---000-0-slo-d
040 |a STU  |b slo 
041 0 |a slo 
100 1 |a Frtús, Jaroslav  |u 066000  |k Z4  |4 aut  |U MTF Materiálovotechnologická fakulta  |T MTF Ústav aplikovanej informatiky, automatizácie a mechatroniky  |X 91678  |U M6000  |Y 86  |7 91678 
242 0 1 |a Identification of failures in the production process using data mining methods  |y eng 
245 1 0 |a Identifikácia chýb vo výrobnom procese s využitím metód data mining 
260 |c 2022 
650 4 |a Data mining  |2 slo 
650 4 |a TIA Portal  |2 slo 
650 4 |a C#  |2 slo 
650 4 |a MPS 500  |2 slo 
650 4 |a Data mining  |2 eng 
650 4 |a TIA Portal  |2 eng 
650 4 |a C#  |2 eng 
650 4 |a MPS500  |2 eng 
700 1 |a Némethová, Andrea  |u 066000  |k Z1  |4 ths  |U MTF Materiálovotechnologická fakulta  |T MTF Ústav aplikovanej informatiky, automatizácie a mechatroniky  |X 56754  |U M6000  |Y 86  |7 56754 
856 4 |u http://is.stuba.sk/zp/portal_zp.pl?podrobnosti=164139 
996 |c M* DP-14877  |l MMSKP  |s P  |a 0  |w stuzp89851_0001